Statistics for McDonalds Burgers

Click here to take the quiz!

General Stats

  • This quiz has been taken 914 times
  • The average score is 3 of 17

Answer Stats

Answer% Correct
{Big} {Mac}
98%
{Cheeseburger}
71%
{Hamburger}
54%
{Double} {Cheeseburger}
38%
{Quarter} {Pounder} {with} {Cheese}
38%
{McDouble}
23%
{Double} {Quarter} {Pounder} {with} {Cheese}
14%
{Bacon} {McDouble}
3%
{Daily} {Double}
2%
{Bacon} & {Cheese} {Quarter} {Pounder}
1%
{Bacon} {Clubhouse} {Burger}
1%
{BBQ} {Ranch} {Burger}
1%
{Deluxe} {Quarter} {Pounder}
1%
{Grilled} {Onion} {Cheddar} {Burger}
1%
{Jalapeno} {Double}
1%
{Bacon} {Habanero} {Ranch} {Quarter} {Pounder}
0%
{Vegeburger}
0%

Score Distribution

Percentile by Number Answered

Percent of People with Each Score

Your Score History

You have not taken this quiz